Normal view MARC view
  • Muhammad Hassan Askari

Entry Personal Name

Number of records used in: 1

001 - CONTROL NUMBER

  • control field: 127805

003 - CONTROL NUMBER IDENTIFIER

  • control field: NUST

005 - DATE AND TIME OF LATEST TRANSACTION

  • control field: 20250210130417.0

008 - FIXED-LENGTH DATA ELEMENTS

  • fixed length control field: 250210|| aca||aabn | a|a d

040 ## - CATALOGING SOURCE

  • Original cataloging agency: NUST
  • Transcribing agency: NUST

100 ## - HEADING--PERSONAL NAME

  • Personal name: Muhammad Hassan Askari

670 ## - SOURCE DATA FOUND

  • Source citation: Work cat.: (NUST): Muhammad Hassan Askari, Talism e Hoshruba
© 2023 Central Library, National University of Sciences and Technology. All Rights Reserved.